Information technology in business : (Record no. 548272)

000 -LEADER
fixed length control field 00673pam a2200181 a 4500
020 ## - INTERNATIONAL STANDARD BOOK NUMBER
International Standard Book Number 0138577153
082 00 - DEWEY DECIMAL CLASSIFICATION NUMBER
Classification number 650/.0285
Author Mark SEN
-- N-1, P-89
100 1# - MAIN ENTRY--PERSONAL NAME
Personal name Senn, James A.
9 (RLIN) 44498
245 10 - TITLE STATEMENT
Title Information technology in business :
Remainder of title principles, practices, and opportunities /
Statement of responsibility, etc. James A. Senn.
250 ## - EDITION STATEMENT
Edition statement 2nd ed.
260 ## - PUBLICATION, DISTRIBUTION, ETC.
Place of publication, distribution, etc. Upper Saddle River, N.J. :
Name of publisher, distributor, etc. Prentice Hall,
Date of publication, distribution, etc. c1998.
300 ## - PHYSICAL DESCRIPTION
Extent 1 v. (various pagings) :
Other physical details ill. (some col.), col. maps ;
Dimensions 26 cm.
526 ## - STUDY PROGRAM INFORMATION NOTE
Program name 0
Interest level 0
Reading level 0
Title point value 650_028500000000000_SEN
650 #0 - SUBJECT ADDED ENTRY--TOPICAL TERM
Topical term or geographic name entry element Business
General subdivision Data processing.
9 (RLIN) 3217
650 #0 - SUBJECT ADDED ENTRY--TOPICAL TERM
Topical term or geographic name entry element Information storage and retrieval systems
General subdivision Business.
9 (RLIN) 44499
650 #0 - SUBJECT ADDED ENTRY--TOPICAL TERM
Topical term or geographic name entry element NUST
9 (RLIN) 6342
942 ## - ADDED ENTRY ELEMENTS (KOHA)
Source of classification or shelving scheme
Koha item type Book
Holdings
Withdrawn status Lost status Source of classification or shelving scheme Damaged status Not for loan Permanent Location Current Location Date acquired Total Checkouts Full call number Barcode Date last seen Price effective from Koha item type
          Military College of Engineering (MCE) Military College of Engineering (MCE) 08/26/2014   650/.0285 SEN MCE-36511 08/26/2014 08/26/2014 Book
© 2023 Central Library, National University of Sciences and Technology. All Rights Reserved.